000 00611cam a22002051 4500
001 agr29000154
003 DLC
005 20260227110948.0
008 880829s1927 xx a 000 0 dut
010 _aagr29000154
035 _a(OCoLC)23431190
040 _aDLC
_cMiU
_dDLC
042 _apremarc
050 0 0 _aHD9116.D95
_bJ47
100 1 _aTichelaar, J. J.
245 0 3 _aDe Java-suikerindustrie en hare beteekenis voor land en volk,
260 _a[Soerabaia,
_bN. V. Boekhandel en drukkerij v/h H. van Ingen
_c[1927?]
300 _axii, 212 p.
_billus.
_c25 cm.
650 0 _aSugar
_xManufacture and refining
999 _c9240
_d9240